| 000 | 00548cam a2200181 4500 | ||
|---|---|---|---|
| 001 | 1908 | ||
| 005 | 20181127164216.0 | ||
| 008 | 711020s1966 nyuac 000 0 eng | ||
| 010 | _a 66019119 | ||
| 100 | 1 |
_aMark, H. F. _q(Herman Francis), _d1895-1992. |
|
| 245 | 1 | 0 |
_aGiant molecules / _cHerman F. Mark. |
| 260 |
_aNew York : _bTime Incorporated, _c1966. |
||
| 300 |
_a200 p. : _bill. (part col.), ports. (part col.) ; _c28 cm. |
||
| 440 | 0 | _aLife science library. | |
| 650 | 0 | _aPolymerization. | |
| 650 | 0 | _aPolymers. | |
| 730 | 0 | _aLife (Chicago, Ill.) | |
| 999 |
_c1469 _d1469 |
||